000 01255cam a2200337 a 4500
999 _c2750
_d2750
001 15778248
003 OSt
005 20230818144832.0
008 090616s2008 enkab 000 0 eng d
010 _a 2009291588
015 _aGBA867822
_2bnb
016 7 _a014620071
_2Uk
020 _a9780194790765 (pbk.)
035 _a(OCoLC)ocn228571245
040 _aUKM
_cUKM
_dYDXCP
_dOCLCG
_dDLC
_dKH8
042 _aukscp
_alccopycat
082 0 0 _a428.6 BAS
_222
100 1 _aBassett, Jennifer,
_eauthor.
245 1 4 _aThe life and times of William Shakespeare /
_cJennifer Bassett.
246 1 4 _aWilliam Shakespeare
260 _aOxford ;
_aNew York :
_bOxford University Press,
_cc2008.
300 _a64 p. :
_bill., maps ;
_c20 cm.
490 0 _aOxford Bookworms Library ; Stage 2, True stories.
500 _a"First published in Oxford Bookworms, 1993"--T.p. verso.
650 0 _aReaders (Adult)
650 0 _aEnglish language
_vTextbooks for foreign speakers.
650 0 _aReading comprehension
_vProblems, exercises, etc.
906 _a7
_bcbc
_ccopycat
_d2
_encip
_f20
_gy-gencatlg
942 _2ddc
_cTR